Music Quiz

Random Music or Lyrics Quiz

'If I only had a Brain' lyrics (Wizard of Oz) Quiz Stats

 Plays Quiz not verified by Sporcle

Challenge
Share
Tweet
Embed
Score 0/125 Timer 05:00
0 Plays Today
% Correct
I
99.7%
I
99.7%
I
99.7%
I
99.7%
I
99.7%
I
99.7%
I
99.7%
I
99.7%
a
98.4%
a
98.4%
a
98.4%
a
98.4%
a
98.4%
the
95.2%
the
95.2%
the
95.2%
the
95.2%
The
95.2%
the
95.2%
If
94.9%
brain
94.9%
If
94.9%
brain
94.9%
brain
94.9%
only
94.8%
only
94.8%
If
94.8%
only
94.8%
had
94.4%
had
94.4%
had
94.4%
could
93.1%
could
93.1%
could
93.1%
be
89.9%
be
89.9%
be
89.9%
be
89.9%
be
89.9%
be
89.9%
with
85.2%
with
85.2%
% Correct
With
85.2%
And
84.7%
And
84.7%
and
84.7%
and
84.7%
away
84%
think
83.5%
think
83.5%
hours
82.8%
While
82.5%
while
82.3%
I'd
81.5%
I'd
81.5%
I'd
81.5%
flowers
80.9%
would
80.2%
would
80.2%
would
80.2%
would
80.2%
you
78.9%
you
78.9%
you
78.9%
of
76.6%
of
76.1%
of
75.9%
my
74.9%
my
74.9%
My
74.9%
my
73.9%
thoughts
73.3%
thoughts
73.3%
rain
71.8%
why
71.8%
head
71.5%
head
71.5%
some
71.2%
more
70.3%
then
69.6%
Oh
69.4%
Lincoln
68.3%
tell
68.1%
In
67.9%
% Correct
in
67.9%
never
67.7%
thinkin'
67.6%
before
67.5%
another
66.9%
shore
66.7%
things
66.4%
Consultin'
65.3%
sit
64.7%
ocean's
64.1%
near
63.4%
all
60.9%
were
60.6%
all
60.6%
pain
59.8%
full
59.6%
busy
59.4%
full
59.4%
pain
59%
scratchin'
58.7%
hatchin'
58.2%
not
56.6%
stuffin'
56.2%
heart
55.9%
thunk
55.1%
you'd
54.8%
Conferin'
53.1%
just
52.3%
nothin'
50.5%
For
50%
merry
47.7%
Life
45.3%
riddle
44.5%
dance
44.2%
or
44.1%
unravel
40.9%
any
40.2%
any
40.2%
trouble
38.8%
ding-a-derry
35.2%
individ'le
33.2%

You're not logged in!

Compare scores with friends on all Sporcle quizzes.
OR
Log In

You Might Also Like...

Show Comments

Extras

Top Quizzes Today


Score Distribution

Your Account Isn't Verified!

In order to create a playlist on Sporcle, you need to verify the email address you used during registration. Go to your Sporcle Settings to finish the process.

Report this User

Report this user for behavior that violates our Community Guidelines.

Details: